000 00524nam a2200193Ia 4500
999 _c14692
_d14692
003 OSt
005 20201021094429.0
008 190216s9999||||xx |||||||||||||| ||und||
020 _a9780413760500
040 _coclc
082 _a809.2
_bESS/T
100 _aEsslin, Martin
_95744
245 4 _aThe Theatre Of The Absurd /
_cMartin Esslin
250 _a3rd Ed.
260 _bMethun Drama ,
_c2001.
_aLondon:
300 _a480p
650 _aEnglish
942 _cBK
_2ddc
_h809.2
_iESS/T
_k809.2
_mESS/T